Znalostný manažment v podnikovom informačnom prostredí

Nevyhnutným predpokladom efektívneho využitia informácií je ich kvalita, resp. určitá hodnota. Ak dostane manažér informácie neskoro, alebo sú nepresné, neponúkajú potrebné riešenie, len ťažko môžeme očakávať zodpovedajúce rozhodnutia. V súčasnosti preto aktuálne zmeny v IS smerujú k znalostiam, pri...

Full description

Saved in:
Bibliographic Details
Main Author: Látečková, Anna
Other Authors: Šilerová, Edita
Format: Book Chapter
Language:Slovak
Subjects:
Tags: Add Tag
No Tags, Be the first to tag this record!

MARC

LEADER 00000naa$a2200000$$$4500
001 0054796
005 20231012082246.8
041 0 |a slo 
044 |a SK 
245 1 0 |a Znalostný manažment v podnikovom informačnom prostredí  |c Anna Látečková, Edita Šilerová 
520 |a Nevyhnutným predpokladom efektívneho využitia informácií je ich kvalita, resp. určitá hodnota. Ak dostane manažér informácie neskoro, alebo sú nepresné, neponúkajú potrebné riešenie, len ťažko môžeme očakávať zodpovedajúce rozhodnutia. V súčasnosti preto aktuálne zmeny v IS smerujú k znalostiam, pričom pojem znalosť je potrebné chápať nie v obecnej rovine, ale konkrétne na dané prostredie a s merateľnám prínosom pre finančné riadenie. Význam tak nadobúda znalostný manažment a jeho uplatnenie v praxi za podpory softvérových aplikácií. Tvorba a riadenie znalostných systémov v podniku a uplatnenie znalostných manažérov sa stávajú dôležitým predpokladom konkurencieschopnosti podnikov a ich úspešného pôsobenia v rámci globalizácie trhového prostredia. 
610 2 0 |a informácie 
610 2 0 |a riadenie 
610 2 0 |a systémy informačné 
610 2 0 |a riadenie znalostí 
100 1 |a Látečková, Anna 
700 1 |a Šilerová, Edita